000 00639cam a2200217 4500500
005 20260329005208.0
041 _afre
042 _adc
100 1 0 _aPépin, Charles
_eauthor
245 0 0 _a“Qu’est-ce qu’une expérience mystique ?”
260 _c2022.
500 _a17
690 _aCharles Pépin
690 _aCommunication
690 _aExpérience
690 _aMots
690 _aMystique
690 _aRencontre
786 0 _nPhilosophie magazine | 164 | 11 | 2022-11-01 | p. 3-3 | 1951-1787
856 4 1 _uhttps://shs.cairn.info/magazine-philosophie-magazine-2022-11-page-3?lang=fr&redirect-ssocas=7080
999 _c1841197
_d1841197